Préfectures et sous-préfectures de l’Auvergne-Rhône-Alpes - Statistiques

Statistiques générales
  • Ce quiz a été pris 96 fois
  • Le résultat moyen est 28 sur 39
Statistiques - réponses
Hint Réponse % Correct
Puy-de-Dôme - Préfecture Clermont-Ferrand
98%
Drôme - Préfecture Valence
98%
Cantal - Préfecture Aurillac
95%
Ain - Préfecture Bourg-en-Bresse
95%
Savoie - Préfecture Chambéry
95%
Isère - Préfecture Grenoble
95%
Ardèche - Préfecture Privas
95%
Loire - Préfecture Saint-Étienne
95%
Rhône - Préfecture Lyon
93%
Allier - Préfecture Moulins
93%
Haute-Savoie - Préfecture Annecy
90%
Haute-Loire - Préfecture Le-Puy-en-Velay
90%
Allier Vichy
80%
Savoie Albertville
78%
Rhône Villefranche-sur-Saône
78%
Loire Roanne
76%
Haute-Savoie Thonon-les-Bains
76%
Ain Gex
73%
Isère Vienne
73%
Ain Belley
68%
Isère La-Tour-du-Pin
68%
Allier Montluçon
68%
Puy-de-Dôme Riom
66%
Puy-de-Dôme Issoire
61%
Loire Montbrison
61%
Ain Nantua
61%
Drôme Die
59%
Cantal Saint-Flour
59%
Haute-Savoie Saint-Julien-en-Genevois
59%
Savoie Saint-Jean-de-Maurienne
56%
Puy-de-Dôme Thiers
54%
Drôme Nyons
51%
Haute-Savoie Bonneville
49%
Haute-Loire Brioude
49%
Ardèche Tournon-sur-Rhône
49%
Haute-Loire Yssingeaux
49%
Puy-de-Dôme Ambert
46%
Ardèche Largentière
46%
Cantal Mauriac
46%
Aucun quiz correspondant
Distribution des résultats
% des personnes avec chaque résultat
Percentile par nombre de réponses
Votre historique - résultats
Vous n’avez pas pris ce quiz